LEADER 00779nam0-22002891i-450- 001 990000573670403321 005 20101118130951.0 035 $a000057367 035 $aFED01000057367 035 $a(Aleph)000057367FED01 035 $a000057367 100 $a20020821d1952----km-y0itay50------ba 101 0 $aeng 105 $ay-------001yy 200 1 $aScience and method$fH. Poincaré 210 $aNew York$cDover$d1952 610 0 $aScienza delle Costruzioni 610 0 $aTeoria delle Strutture 610 0 $aCalcolo a Rottura 700 1$aPoincaré,$bHenri$f<1854-1912>$0416664 801 0$aIT$bUNINA$gRICA$2UNIMARC 901 $aBK 912 $a990000573670403321 952 $a07 A-9$fDINSC 959 $aDINSC 996 $aScience and method$9319076 997 $aUNINA LEADER 01602nam0 2200313 i 450 001 SUN0025694 005 20140625100052.770 010 $a88-13-20840-5 100 $a20041015d1998 |0itac50 ba 101 $aita 102 $aIT 105 $a|||| ||||| 200 1 $aˆI ‰servizi di controllo interno e i nuclei di valutazione delle pubbliche amministrazioni$efondamenti, compiti, tecniche, nodi problematici, esperienze$fcoordinatori: Alessandro Caloprisco, Maurizio De Paolis 210 $aPadova$cCEDAM$d1998 215 $aXIV, 393 p.$d24 cm. 606 $aDiritto pubblico e costituzionale italiano e comparato$2SG$3SUNC029468 620 $dPadova$3SUNL000007 676 $a350.0075$v21 702 1$aDe Paolis$b, Maurizio$3SUNV007293 702 1$aCaloprisco$b, Alessandro$3SUNV021488 712 $aCEDAM$3SUNV005537$4650 801 $aIT$bSOL$c20181109$gRICA 912 $aSUN0025694 950 $aUFFICIO DI BIBLIOTECA DEL DIPARTIMENTO DI SCIENZE POLITICHE JEAN MONNET$d04 CONS IV.D.h.1 $e04 OMA822 950 $aUFFICIO DI BIBLIOTECA DEL DIPARTIMENTO DI ECONOMIA$d03 PREST IIBd4 $e03 6922 995 $aUFFICIO DI BIBLIOTECA DEL DIPARTIMENTO DI SCIENZE POLITICHE JEAN MONNET$gOMA$h822$kCONS IV.D.h.1$oc$qa 995 $aUFFICIO DI BIBLIOTECA DEL DIPARTIMENTO DI ECONOMIA$bIT-CE0106$h6922$kPREST IIBd4$op$qa 996 $aServizi di controllo interno e i nuclei di valutazione delle pubbliche amministrazioni$9661024 997 $aUNICAMPANIA LEADER 01704oam 2200445M 450 001 9910716598703321 005 20200213070619.1 035 $a(CKB)5470000002522164 035 $a(OCoLC)1065986266 035 $a(OCoLC)995470000002522164 035 $a(EXLCZ)995470000002522164 100 $a20071213d1927 ua 0 101 0 $aeng 135 $aurcn||||||||| 181 $ctxt$2rdacontent 182 $cc$2rdamedia 183 $acr$2rdacarrier 200 10$aRespecting the division and apportionment of waters of North Platte River. January 15, 1927. -- Referred to the House Calendar and ordered to be printed 210 1$a[Washington, D.C.] :$c[U.S. Government Printing Office],$d1927. 215 $a1 online resource (2 pages) 225 1 $aHouse report / 69th Congress, 2nd session. House ;$vno. 1771 225 1 $a[United States congressional serial set] ;$v[serial no. 8688] 300 $aBatch processed record: Metadata reviewed, not verified. Some fields updated by batch processes. 300 $aFDLP item number not assigned. 606 $aInterstate agreements 606 $aBodies of water 606 $aRivers 608 $aLegislative materials.$2lcgft 615 0$aInterstate agreements. 615 0$aBodies of water. 615 0$aRivers. 701 $aWinter$b Charles E$g(Charles Edwin),$f1870-1948$pRepublican (WY)$01387987 801 0$bWYU 801 1$bWYU 801 2$bOCLCO 801 2$bOCLCQ 906 $aBOOK 912 $a9910716598703321 996 $aRespecting the division and apportionment of waters of North Platte River. January 15, 1927. -- Referred to the House Calendar and ordered to be printed$93545892 997 $aUNINA